000 00776cam a22002412 4500
001 0000024841
005 20151217152306.0
008 140319s xx 000 0 eng d
020 _a0077154509 :
040 _aKABU
_cKABU
100 1 _aBaye, Michael R.
_@0000178960
245 1 0 _aManagerial economics and business strategy /
_cMichael R. Baye, Jeffrey T. Prince, Jay Squalli.
250 _a8th ed.
260 _aLondon :
_bMcGraw-Hill,
_c2013.
300 _axxxiii, 636 p.
650 0 _aManagerial economics.
_@0000150546
650 0 _aStrategic planning.
_@0000150576
700 1 _aPrince, Jeffrey T.
_@0000185109
700 1 _aSqualli, Jay.
_@0000185110
852 1 _9p3995 KES
908 _a140319
950 _@1
999 _c10384
_d10384